Sanskrit bhasha sahitya evam shastriya itihas gyankosh (7 Vol. Set) (Record no. 798247)

MARC details
000 -LEADER
fixed length control field 00859nam a2200265Ia 4500
003 - CONTROL NUMBER IDENTIFIER
control field OSt
005 - DATE AND TIME OF LATEST TRANSACTION
control field 20220928133209.0
008 - FIXED-LENGTH DATA ELEMENTS--GENERAL INFORMATION
fixed length control field 220927b |||||||| |||| 00| 0 hin d
037 ## - SOURCE OF ACQUISITION
Terms of availability Textual
040 ## - CATALOGING SOURCE
Original cataloging agency SDCL
Transcribing agency SDCL
Language of cataloging hin
041 ## - LANGUAGE CODE
Source of code hin
Language code of text/sound track or separate title hin
100 ## - MAIN ENTRY--PERSONAL NAME
Personal name Trivedi Pankaj Ed.
9 (RLIN) 484713
245 #0 - TITLE STATEMENT
Title Sanskrit bhasha sahitya evam shastriya itihas gyankosh (7 Vol. Set)
260 ## - PUBLICATION, DISTRIBUTION, ETC.
Place of publication, distribution, etc. Jaipur
Name of publisher, distributor, etc. Paradise
Date of publication, distribution, etc. 2019
490 ## - SERIES STATEMENT
Volume/sequential designation V1:v,232p.
650 ## - SUBJECT ADDED ENTRY--TOPICAL TERM
Topical term or geographic name entry element Sanskrit
9 (RLIN) 391587
700 ## - ADDED ENTRY--PERSONAL NAME
Personal name Bairwa Sumer Singh Ed.
9 (RLIN) 484714
942 ## - ADDED ENTRY ELEMENTS (KOHA)
Classification part P15k, Q9.1-.7 RR
Koha item type Textual
Source of classification or shelving scheme Colon Classification (CC)
Holdings
Withdrawn status Lost status Damaged status Not for loan Home library Current library Date acquired Source of acquisition Serial Enumeration / chronology Total Checkouts Full call number Barcode Date last seen Price effective from Koha item type
        South Campus Library South Campus Library 2022-09-28 63, 18/02/2019, Kiran Book Service V1:v,232p.   P15k Q9.1-.7 RR SC1624635 2022-09-28 2022-09-28 Textual
Copyright @ Delhi University Library System